Villains by Letter-K - Statistics

General Stats
  • This quiz has been taken 41 times
  • The average score is 8 of 16
Answer Stats
Picture Answer % Correct
King K. Rool
88%
Kingpin
82%
Kylo Ren
82%
Kang
70%
Kang the Conqueror
70%
Kraven the Hunter
67%
Killer Croc
61%
Khan Noonien Singh
58%
Krang
52%
Keyser Söze
45%
Kodos
33%
Kro
33%
Kobra Khan
21%
Krampus
21%
KGBeast
15%
Killian
12%
No matching quizzes found
Score Distribution
Percent of People with Each Score
Percentile by Number Answered
Your Score History
You have not taken this quiz